1642 1227 1681 1917 1261 1028 1110 1195 1457 1606 1418 1505 1692 1793 1849 1069 1357 1420 1496 1852 1769 1115 1525 1489 1291 1076 1929 1820 1761 1621 1081 1099 1987 1477 1855 1241 1208 1503 1667 1716 1087 1669 1373 1636 1099 1742 1947 1620 1360 1417 1425 1840 1014 1367 1335 1640 1875 1438 1797 1381 1330 1077 1965 1211 1795 1540 1286 1854 1722 1983 1304 1479 1931 1426 1992 1624 1930 1599 1398 1218 1437 1413 1137 1024 1487 1916 1630 1970 1312 1288 1203 1625 1613 1027 1032 1204 1003 1193 1884 BCNSPRNW ULIB Ver.6.0+V

เปลี่ยนเป็นภาษาไทย

Change to English
 แสดงรายละเอียดบรรณานุกรม
  กลับหน้าหลัก

Brief Record : Get Marc (ISO 2709) : E-mail record : QR code < ปิดหน้าต่าง
LEADER : 00000nam 2200000uu 4500
001    13399115111
003     ULIB
008    110627s2550||||th 000 0 tha d
020    978974788412
082 04 นว.^bว328ห
090    นว.^bว328ห
100 0  วรินดา อลอนโซ
245 00 Chocolat chaud a Paris = เหตุเกิดที่ร้านช็อกโกแลต/^cวรินดา อลอนโซ
260    กรุงเทพฯ :^bเนชั่นบุ๊คส์,^c2550
300    302 หน้า
710 1  เนชั่นบุ๊คส์
945    ^p225^l0^i022027
995    ทศพร
999 ^a ใช้งานได้ทุกระบบ
รายการนี้ยังไม่มีแท็ก
คุณยังไม่ได้ล็อกอิน คุณสามารถมีกิจกรรมร่วมกับเว็บไซต์ได้ แต่ต้องล็อกอินก่อน ::
  ล็อกอิน

รายการสื่อสารสนเทศ

ลำดับที่ ประเภท เลขเรียก/บาร์โค้ด สถานที่ สถานะ
1. นวนิยาย
นวนิยาย
นว. ว328หนว. ว328ห ฉ.1 
  Barcode: 022027
ห้องสมุดวิทยาเขตสวรรค์ประชารักษ์
►นวนิยาย
บนชั้น
  ขอยืม

BibComment


ยังไม่เคยถูกคอมเมนท์

คอมเมนท์ทรัพยากรรายการนี้
  คอมเมนท์: Chocolat chaud a ..


 Copyright 2026. Bcnsprnw @Library